Music Quiz

Random Music or Album Quiz

Sheryl Crow Discography Quiz Stats

 Plays Quiz not verified by Sporcle

Challenge
Share
Tweet
Embed
Score 0/8 Timer 03:00
0 Plays Today
Year Album % Correct
1993Tuesday Night Music Club
93.2%
1996Sheryl Crow
93.2%
2002C'mon C'mon
88.6%
1998The Globe Sessions
81.8%
2005Wildflower
81.8%
2008Detours
72.7%
2010100 Miles from Memphis
65.9%
2008Home for Christmas
45.5%

You're not logged in!

Compare scores with friends on all Sporcle quizzes.
OR
Log In

You Might Also Like...

Show Comments

Extras

Top Quizzes Today


Score Distribution

Your Account Isn't Verified!

In order to create a playlist on Sporcle, you need to verify the email address you used during registration. Go to your Sporcle Settings to finish the process.

Report this User

Report this user for behavior that violates our Community Guidelines.

Details: